Statistics for Marvel Decoder Quiz

Click here to take the quiz!

General Stats

  • This quiz has been taken 16 times
  • The average score is 7 of 10

Answer Stats

HintAnswer% Correct
Genius billionaire who built a suit of armourIron Man
100%
Thor’s dadOdin
100%
Daredevil’s dangerous love interestElektra
88%
Wall-crawlerSpider-Man
88%
Star-spangled manCaptain America
81%
HYDRA leaderRed Skull
75%
Max DillonElectro
69%
Last name of Ant-Man (not Hank Pym)Lang
63%
(PHRASE)Excelsior!
44%
Has a star in his headXorn
25%

Score Distribution

Percentile by Number Answered

Percent of People with Each Score

Your Score History

You have not taken this quiz